[Event "Prague Holiday K21"]
[Site "Prague"]
[Date "2015.07.28"]
[Round "5"]
[White "Dobias, Daniel"]
[Black "Stoilov, Bojan"]
[Result "1-0"]
[WhiteElo "1781"]
[BlackElo "1718"]
[PlyCount "49"]
[EventDate "2015.07.26"]
[EventType "tourn"]
[EventRounds "9"]
[EventCountry "CZE"]
[SourceTitle "EXT 2017"]
[Source "ChessBase"]
[SourceDate "2016.10.25"]
[SourceVersion "1"]
[SourceVersionDate "2016.10.25"]
[SourceQuality "1"]

1. e4 e5 2. Nf3 d6 3. d4 exd4 4. Nxd4 g6 5. Bc4 Bg7 6. 0-0 Nd7 7. c3 Ngf6 8. Bg5 0-0 9. Nd2 Qe8 10. Nb5 Qd8 11. Nf3 a6 12. Nbd4 Nb6 13. Bb3 Bg4 14. h3 Bd7 15. e5 dxe5 16. Nxe5 Qc8 17. Qf3 Qd8 18. Rad1 h6 19. Bxf6 Bxf6 20. Nxg6 Re8 21. Nf5 Qc8 22. Nfe7+ Rxe7 23. Qxf6 Kh7 24. Nxe7 Qf8 25. Bc2+ 1-0

[Event "Prague Holiday K21"]
[Site "Prague"]
[Date "2015.07.26"]
[Round "2"]
[White "Stoilov, Bojan"]
[Black "Koubova, Anna Marie"]
[Result "1-0"]
[WhiteElo "1718"]
[BlackElo "1691"]
[PlyCount "144"]
[EventDate "2015.07.26"]
[EventType "tourn"]
[EventRounds "9"]
[EventCountry "CZE"]
[SourceTitle "EXT 2017"]
[Source "ChessBase"]
[SourceDate "2016.10.25"]
[SourceVersion "1"]
[SourceVersionDate "2016.10.25"]
[SourceQuality "1"]

1. e4 c5 2. c4 e6 3. Nc3 Nc6 4. d3 Nf6 5. Bg5 Be7 6. Nf3 d6 7. Be2 h6 8. Bh4 0-0 9. h3 Nd7 10. Bg3 a6 11. a4 Ndb8 12. Qd2 Bf6 13. Rd1 Nd4 14. Qf4 e5 15. Qd2 Nbc6 16. Nd5 Be7 17. Nxd4 Nxd4 18. 0-0 Be6 19. f4 Bxd5 20. cxd5 exf4 21. Bxf4 Bg5 22. Bg4 Qe7 23. Rf2 Bxf4 24. Qxf4 Rad8 25. Rdf1 Qg5 26. Qxg5 hxg5 27. Bh5 f6 28. Bg6 b5 29. Ra1 Ra8 30. Ra3 b4 31. Ra2 Rfc8 32. Rd2 a5 33. Kf2 Kf8 34. Ke3 Ke7 35. Bh5 Rh8 36. Bg4 Kf7 37. Rf2 Rae8 38. Ra1 Re5 39. Raf1 Rh6 40. Bf5 Rh8 41. Bd7 Ke7 42. Bg4 Kf7 43. Rh1 Rh6 44. g3 Re8 45. Rfh2 Reh8 46. Bd1 Ke7 47. h4 Kf7 48. Kf2 Ke7 49. Kg2 gxh4 50. Rxh4 Rxh4 51. gxh4 Rh6 52. Kg3 Rg6+ 53. Bg4 Nc2 54. Kf4 Nd4 55. Rh2 Rh6 56. Kg3 Rg6 57. h5 Rh6 58. Kf4 g6 59. Kg3 gxh5 60. Bxh5 Rh8 61. Rh3 Rg8+ 62. Kf2 Rg5 63. Bd1 Kf7 64. Rh7+ Rg7 65. Rh6 Ke7 66. Rh8 Rg5 67. Ra8 f5 68. Rxa5 fxe4 69. dxe4 Rg6 70. Ra7+ Kf6 71. a5 Ke5 72. Re7+ Kf6 1-0